|
|
|
|
| LEADER |
00767nam a22002171 4500 |
| 001 |
c000368182 |
| 003 |
CARM |
| 005 |
00000000000000.0 |
| 008 |
851113s1965 enk 00000 eng d |
| 019 |
1 |
|
|a 4196214
|5 LACONCORD2021
|
| 035 |
|
|
|a (OCoLC)40581520
|5 LACONCORD2021
|
| 100 |
1 |
|
|a Cohen, Alan,
|d 1928-
|
| 245 |
1 |
2 |
|a A student's guide to teaching practice /
|c by A.Cohen and N.Garner.
|
| 250 |
|
|
|a 2nd ed.
|
| 260 |
|
|
|a Lond. :
|b London U.P.,
|c 1965.
|
| 650 |
|
0 |
|a Student teaching.
|
| 700 |
1 |
|
|a Garner, Norman.
|
| 852 |
8 |
|
|b CARM
|h A1:AM27F0
|i A05094
|p 0437488
|f BK
|
| 082 |
0 |
4 |
|a 371.1
|
| 999 |
f |
f |
|i 4dc0cc78-b3f4-54f5-898e-eafed461ad99
|s 19bb041a-8dc5-5035-b7c4-2c7b0b97f200
|
| 952 |
f |
f |
|p Can circulate
|a CAVAL
|b CAVAL
|c CAVAL
|d CARM 1 Store
|e A05094
|f A1:AM27F0
|h Other scheme
|i book
|m 0437488
|